000
00319nam a2200121Ia 4500
008
220216s9999 xx 000 0 und d
100
_a
Hoi W K
245
0
_a
Charcoal and briquettes from rubberwood
260
_b
Rubberwood: Processing and utilization
_c
1994
300
_a
207-221
650
_a
Rubberwood
942
_c
JS
999
_c
55462
_d
55462